000 00644nam a2200193 i 4500
001 68096
003 ES-MaACL
005 20230906170214.0
007 t|
008 040610s1959 xxu ||||1| eng d
100 1 _aGantmacher, F. R.
_953888
245 1 0 _aAplications of the theory of matrices /
_cby F.R. Gantmacher ; translated and revised by J.L. Brenner with the assistance of D.W. Bushaw and S. Evanusa.
260 _aNew York, etc. :
_bWiley,
_c[1959]
300 _aIX, 317 p. ;
_c24 cm.
700 1 _aBrenner, J. L.
_931593
700 1 _aBushaw, D. W.
_932820
700 1 _aEvanusa, S.
_948379
852 _aES-MaACL
_jC-56339
_bR.88990
999 _c68096
_d68096